LIBRARY & INFORMATION CENTRE, KCAET, TAVANUR

ONLINE PUBLIC ACCESS CATALOGUE (OPAC)

Remedial English Grammar for Foriegn Students / (Record no. 8648)

MARC details
000 -LEADER
fixed length control field 00294cam a2200109ua 4500
082 ## - DEWEY DECIMAL CLASSIFICATION NUMBER
Classification number 425
Item number WOO/RE
100 ## - MAIN ENTRY--AUTHOR NAME
Personal name Wood, Frederick T .
245 ## - TITLE STATEMENT
Title Remedial English Grammar for Foriegn Students /
260 ## - PUBLICATION, DISTRIBUTION, ETC. (IMPRINT)
Place of publication London :
Name of publisher Macmillan Education Ltd. ,
Year of publication 1971.
300 ## - PHYSICAL DESCRIPTION
Number of Pages 213 ; .
942 ## - ADDED ENTRY ELEMENTS (KOHA)
Koha item type Books
Holdings
Withdrawn status Lost status Damaged status Home library Current library Date acquired Full call number Accession Number Koha item type
      KAUAET KAUAET 07/04/2012 425 13140 Books
      KAUAET KAUAET 07/04/2012 425 13203 Books
Withdrawn     KAUAET Sanskrit University 07/04/2012 425 13139 Books
Withdrawn     KAUAET Sanskrit University 07/04/2012 425 13204 Books
free website counter